All Female Governors in U.S History by Picture - Statistics

General Stats
  • This quiz has been taken 132 times
    25 since last reset
  • The average score is 29 of 51
Answer Stats
Picture Hint Answer % Correct
D-NY (2021-) Kathy Hochul
95%
R-SD (2019-2025) Kristi Noem
95%
R-SC (2011-2017) Nikki Haley
95%
R-AK (2006-2009) Sarah Palin
95%
D-VA (2026-) Abigail Spanberger
89%
D-MI (2019-) Gretchen Whitmer
89%
D-ME (2019-) Janet Mills
84%
D-NH (1997-2003) Jeanne Shaheen
84%
R-NH (2025-) Kelly Ayotte
84%
R-AR (2023-) Sarah Huckabee Sanders
84%
D-TX (1991-1995) Ann Richards
79%
D-AZ (2023-) Katie Hobbs
79%
R-AL (2017-) Kay Ivey
79%
D-KS (2019-) Laura Kelly
79%
D-MA (2023-) Maura Healey
79%
D-NM (2019-) Michelle Lujan Grisham
79%
D-NJ (2026-) Mikie Sherrill
79%
D-WA (1977-1981) Dixy Lee Ray
74%
D-RI (2015-2021) Gina Raimondo
74%
D-OR (2015-2023) Kate Brown
74%
R-IA (2017-) Kim Reynolds
74%
D-NH (2013-2017) Maggie Hassan
74%
D-AZ (2003-2009) Janet Napolitano
68%
D-OR (2023-) Tina Kotek
68%
R-NM (2011-2019) Susana Martinez
63%
R-NJ (1994-2001) Christine Todd Whitman
58%
R-OK (2011-2019) Mary Fallin
58%
R-AZ (2009-2015) Jan Brewer
53%
D-KS (2003-2009) Kathleen Sebelius
53%
R-HI (2002-2010) Linda Lingle
53%
D-AL (1967-1968) Lurleen Wallace
53%
D-MI (2003-2011) Jennifer Granholm
47%
D-LA (2004-2008) Kathleen Blanco
42%
D-TX (1925-1927) & (1933-1935) Miriam A. Ferguson
42%
D-NC (2009-2013) Bev Perdue
37%
D-WA (2005-2013) Christine Gregoire
37%
D-DE (2025-2025) Bethany Hall-Long
32%
R-CT (2004-2011) Jodi Rell
32%
D-CT (1975-1980) Ella Grasso
26%
D-KY (1983-1987) Martha Collins
26%
R-UT (2003-2005) Olene Walker
26%
R-AZ (1997-2003) Jane Dee Hull
21%
R-NE (1987-1991) Kay A. Orr
21%
D-WY (1925-1927) Nellie Tayloe Ross
21%
D-AZ (1988-1991) Rose Mofford
21%
D-DE (2001-2009) Ruth Ann Minner
21%
D-OR (1991-1995) Barbara Roberts
16%
R-MT (2011-2005) Judy Martz
16%
D-VT (1985-1991) Madeleine Kunin
16%
R-OH (1998-1999) Nancy Hollister
16%
D-KS (1991-1995) Joan Finney
11%
No matching quizzes found
Score Distribution
Percent of People with Each Score
Percentile by Number Answered
Your Score History
You have not taken this quiz since the last reset